Aritmética teórico práctica con 7008 ejercicios y problemas
Guardat en:
| Autor principal: | |
|---|---|
| Format: | Llibre |
| Idioma: | espanyol |
| Publicat: |
Ciudad de México
Cultural
1983
|
| Matèries: | |
| Etiquetes: |
Afegir etiqueta
Sense etiquetes, Sigues el primer a etiquetar aquest registre!
|
MARC
| LEADER | 00000nam a2200000 a 4500 | ||
|---|---|---|---|
| 001 | UCP4186 | ||
| 003 | CL-VaPUC | ||
| 008 | 990724e19830000MX |||||||||||||||||spa|d | ||
| 020 | |a 9684392133 | ||
| 082 | 0 | 4 | |a 513 |b BAL |2 21 |
| 100 | 0 | |a Baldor, Aurelio |e author |9 431640 | |
| 245 | 1 | 0 | |a Aritmética teórico práctica con 7008 ejercicios y problemas |
| 300 | |a 639 p | ||
| 942 | |c BK | ||
| 945 | |d 19990724 00:00:00 |a vberengu | ||
| 260 | |a Ciudad de México |b Cultural |c 1983 | ||
| 650 | 0 | |a Aritmética |9 270049 | |
| 650 | 0 | |a Números enteros |9 357374 | |
| 650 | 0 | |a Teoría de números |9 265327 | |
| 650 | 0 | |a Análisis numérico |9 259387 | |
| 650 | 7 | |a DIVISION |2 CL-VaPUC |9 343637 | |
| 650 | 7 | |a MULTIPLICACION |2 CL-VaPUC |9 343636 | |
| 583 | |a last modification |c 19990724 00:00:00 |k Rodrigo Vera | ||
| 999 | |c 282237 |d 282235 | ||